| 000 | 00000nam 2200000zi 4500 |
| 001 | 9.888221 |
| 003 | CaOODSP |
| 005 | 20250218134758 |
| 006 | m o d f |
| 007 | cr cn||||||||| |
| 008 | 200612t20202020onca obs f000 0 eng d |
| 020 | |a9780660352152 |
| 040 | |aCaOODSP|beng|erda|cCaOODSP |
| 043 | |an-cn--- |
| 045 | |ay2y2 |
| 086 | 1 |aCS11-626/2020-106E-PDF |
| 100 | 1 |aGellatly, Guy, |eauthor. |
| 245 | 10|aRecent developments in the Canadian economy, 2020 : |bCOVID-19, second edition / |cby Guy Gellatly and Carter McCormack. |
| 264 | 1|a[Ottawa] : |bStatistics Canada = Statistique Canada, |c2020. |
| 264 | 4|c©2020 |
| 300 | |a1 online resource (9 pages) : |bcolour illustrations. |
| 336 | |atext|btxt|2rdacontent |
| 337 | |acomputer|bc|2rdamedia |
| 338 | |aonline resource|bcr|2rdacarrier |
| 490 | 1 |aEconomic insights, |x1927-503X ; |vno. 106 |
| 500 | |aIssued also in French under title: Développements récents de l'économie canadienne, 2020 : COVID-19, deuxième édition. |
| 500 | |a"Catalogue no. 11-626-X - 2020004 - No. 106." |
| 500 | |a"Release date: June 24, 2020." |
| 500 | |aIssued also in HTML format. |
| 504 | |aIncludes bibliographical references (page 9). |
| 520 | |a"This article in the Economic Insights series highlights sudden changes in economic conditions as households and businesses adjusted to social and economic restrictions intended to contain the spread of COVID-19. It is the second in a series of articles that provides integrated analysis of the economic impacts of COVID-19 as new data and information become available"--Page 1. |
| 650 | 0|aCOVID-19 (Disease)|xEconomic aspects|zCanada|vStatistics. |
| 650 | 0|aCOVID-19 Pandemic, 2020-2023|xEconomic aspects|zCanada|vStatistics. |
| 651 | 0|aCanada|xEconomic conditions|vStatistics. |
| 655 | 7|aStatistics|2lcgft |
| 710 | 2 |aStatistics Canada, |eissuing body. |
| 775 | 08|tDéveloppements récents de l'économie canadienne, 2020 : |w(CaOODSP)9.888222 |
| 794 | |tRecent developments in the Canadian economy, 2020 : |w(CaOODSP)9.889496 |
| 795 | |tRecent developments in the Canadian economy, 2020 : |w(CaOODSP)9.887309 |
| 830 | #0|aEconomic insights (Statistics Canada)|vno. 106. |w(CaOODSP)9.506764 |
| 856 | 40|qPDF|s237 KB|uhttps://publications.gc.ca/collections/collection_2020/statcan/11-626-x/11-626-x2020004-eng.pdf |
| 856 | 4 |qHTML|sN/A|uhttps://www150.statcan.gc.ca/n1/pub/11-626-x/11-626-x2020004-eng.htm |
| 986 | |a11-626-X |